Item response modeling of forced-choice questionnaires /

Na minha lista:
Detalhes bibliográficos
Autor principal: Brown, Anna.
Outros Autores: Maydeu-Olivares, Alberto.
Formato: Atigo
Idioma:English
Assuntos:
Tags: Adicionar Tag
Sem tags, seja o primeiro a adicionar uma tag!
Thư viện lưu trữ: Thư viện Trường Đại học Đà Lạt
LEADER 00926nam a2200301 4500
001 DLU110130376
005 ##20111223
040 # # |a DLU  |b eng 
041 # # |a eng 
044 # # |a us 
100 # # |a Brown, Anna. 
245 # # |a Item response modeling of forced-choice questionnaires /  |c Anna Brown, Alberto Maydeu-Olivares. 
653 # # |a Comparative judgment 
653 # # |a Forced-choice format 
653 # # |a Forced-choice questionnaires 
653 # # |a Ipsative data 
653 # # |a Multidimensional IRT 
700 # # |a Maydeu-Olivares, Alberto.  
773 # # |t Educational and Psychological Measurement  |g Vol. 71, no. 3 (June 2011), p. 460-502 
920 # # |a Phòng Tạp chí -- Trung tâm Thông tin - Thư viện Trường Đại học Đà Lạt 
994 # # |a DLU 
900 # # |a True 
911 # # |a Trương Bảo Trâm Anh 
925 # # |a G 
926 # # |a A 
927 # # |a BB 
980 # # |a Thư viện Trường Đại học Đà Lạt